Just Cause 3 - All Locations - Statistics

General Stats
  • This quiz has been taken 109 times
  • The average score is 25 of 66
Answer Stats
Province Type Name % Correct
Regno City Citate di Ravello
62%
Baia City Manaea
62%
Baia Base Vis Electra
58%
Prima City Agro
56%
Falco Base Falco Maxime
56%
Prima City Agro Nove
53%
Lacos City Alba
53%
Corda Dracon Base Corda Dracon : Centcom
53%
Costa Sud Base Griphon
53%
Plagia Base Vigilator Nord
53%
Sirocco Sud Base Vigilator Sud
53%
Montana Base Cava Montana
51%
Lacos Base Cima Leon : Silo
51%
Feno Base Cima Leon : Transmitter
51%
Feno City Babica
49%
Aspera Base Cima Leon : Centcom
49%
Maestrale Base Porto Tridente
49%
Maestrale Base Vulture
49%
Prospere Base Cava Grande
47%
Sirocco Nord City Costa Del Porto
47%
Soros City Cava de Rebelles
44%
Sirocco Nord City Costa Di Ravello
44%
Prospere Base Cava Grande Secunde
42%
Capite West Base Porto Cavo
42%
Sirocco Nord Base Porto Vena
42%
Feno City Albeto Pero
40%
Val de Mar Base Porto Coclea
40%
Libeccio City Vista Dracon
40%
Petra Base Espia Bassa
38%
Lavanda City Lantuina
38%
Prima City Vista Fonte
38%
Libeccio City Burgoletto
36%
Rocca Blau Base Cava Geminos Nord
36%
Rocca Blau Base Cava Geminos Sud
36%
Capite Est Base Espia Alta
36%
Cauda City Grotta Contrabandero
36%
Costa Sud City Perla Est
36%
Lavanda Base Porto La Gratia
36%
Rocca Blau Base Cava Geminos Est
33%
Lacos City Colle Salrosa
33%
Sirocco Nord Base Le Tutor
33%
Petra Base Puncta Sud
33%
Umbra City Refugio Umbra
33%
Grande Pastura Base Alte Potentia
31%
Sirocco Sud City Laguna Del Sol
31%
Trio Base Porto Darsena
31%
Trio Village Vico Gamba
31%
Libeccio City Celata
29%
Lacos City Fortalessa
29%
Sirocco Sud Base La Galera
29%
Massos City Soliana
29%
Petra Village Vico Tructa
29%
Prima City Bellevia
27%
Lavanda City Frontella
27%
Libeccio City Nacre
27%
Petra City Olivo Moro
27%
Trio Village Vico Maquerello
27%
Trio Village Vico Platessa
27%
Sirocco Sud City Cirilla
24%
Capite Est Village Vico Thunno
24%
Capite West City Arco Sperantia
20%
Massos City Cinta
20%
Trio City Ponere
20%
Plagia City Surpicco
20%
Capite Est Village Vico Spigola
20%
Capite Est City Vinialetta
20%
No matching quizzes found
Score Distribution
Percent of People with Each Score
Percentile by Number Answered
Your Score History
You have not taken this quiz